00390pab a2200121 454500008004000000100001800040245011700058260000900175300001500184362000800199650002500207773003600232180718b2014 xxu||||| |||| 00| 0 eng d aArbaugh, J.B. aWhat might online delivery teach us about blended management education? Prior perspectives and future directions c2014 ap.784-817. aDec aManagement education aJournal of Management Education